| 000 | 01008nam a2200277 i 4500 | ||
|---|---|---|---|
| 001 | 13023 | ||
| 003 | ES-MaACL | ||
| 005 | 20240125164726.0 | ||
| 007 | t| | ||
| 008 | 971117s1996 sp ||||1| spa d | ||
| 020 | _a84-7658-458-X | ||
| 080 | _a1 Kant, Immanuel | ||
| 100 | 1 |
_aTurró, Salvio. _9111759 |
|
| 245 | 1 | 0 |
_aTránsito de la naturaleza a la historia en la filosofía de Kant / _cSalvi Turró. |
| 250 | _a1ª ed. | ||
| 260 |
_aBarcelona : _bAnthropos ; _aMéxico : _bUniversidad Autónoma Metropolitana, Centro de Documentación Kantiana, _c1996. |
||
| 300 |
_a382 p. ; _c20 cm. |
||
| 490 | 1 |
_aAutores, textos y temas. Filosofía ; _v48 |
|
| 500 | _aIndices. | ||
| 504 | _aBibliografía : p. 363-370. | ||
| 600 | 1 | 4 |
_aKant, Immanuel, _d1724-1804- _xCrítica e interpretación _967497 |
| 710 | 2 |
_aUniversidad Autónoma Metropolitana. _9169907 |
|
| 830 | 0 |
_aAutores, textos y temas. Filosofía ; _v48 _9177263 |
|
| 852 |
_aES-MaACL _jL-20409 _bR.125573 |
||
| 999 |
_c13023 _d13023 |
||